000 00584nam a2200193Ia 4500
005 20250923145831.0
008 008 250917s9999 xx 000 0 eng d
037 _aTextual
040 _aDSWL
_beng
_cDSWL
041 _aeng
_2eng
084 _aA0ax8(A), N86
_qDSWL
245 0 _aSocial and family welfare in Indus try: A survey
_c by Chanler of commerce & Industry
260 _aBombay
_bBombay chanler of commerce & Industry
_c1986
300 _a220p.
365 _aINR
_b75.00
925 _g75.00
942 _cTEXL
_hA0ax8(A), N86
999 _c1456272
_d1456272